00951nam a22002537a 450000500170000001000130001702000230003003500130005303700160006604000120008208200130009410000260010724501270013326000400026027000490030030000310034965000360038065000450041670000270046170000290048894200220051799900190053995201390055820170124110206.0 aB-063990 c400.00a8176030473 aB-063990 bCen Lib/Ret aDPLbEN a954bPUR aPuri, Gopal K.972815 aIndian history :cby Gopal K. Puri, Shabnam Sharma [and] Madhu Bala Julka bfor civil services (I.A.S.) preliminary exam / aNew DelhibIIMS publications c1991 a6/18, Jangpura extension bNew Delhie110014 avarious pagings c22cm(Hb) aIndian history -- I.A.S.972816 aPolity and society -- exam guide 972817 aSharma, Shabnam959128 aJulka, Madhu Bala937215 2ddccENh954mPUR c133216d133216 00104070aLbLd2015-07-25eCen Lib/Retg400.00l9m3o954 PURpB-063990r2023-06-07 00:00:00s2023-05-22t1v400.00w2015-07-25yEN